000 00382nam a2200145Ia 4500
008 211109s9999||||xx |||||||||||||| ||und||
082 _a894.8121
_bBAL-P
100 _a, Balamaniyamma
245 0 _aPrabhanguram
260 _bMathrubhumi
_aKozhikode
_c1978
300 _a25p
630 _xGeneral Stack
650 _aMALAYALAM LITERATURE
_vMALAYALAMPOETRY
_xMalayalam
942 _cBOOK
999 _c16861
_d16861